[Event "SVR-ch Seniors"]
[Site "Trier"]
[Date "2016.03.20"]
[Round "3"]
[White "Baudner, Guntmar"]
[Black "Gast, Manfred"]
[Result "1-0"]
[WhiteElo "2041"]
[BlackElo "1708"]
[PlyCount "103"]
[EventDate "2016.03.19"]
[EventType "tourn"]
[EventRounds "7"]
[EventCountry "GER"]
[SourceTitle "CBM 171 Extra"]
[Source "ChessBase"]
[SourceDate "2016.04.26"]
[SourceVersion "1"]
[SourceVersionDate "2016.04.26"]
[SourceQuality "1"]

1. g3 g6 2. d4 Bg7 3. e4 d6 4. Bg2 e6 5. Ne2 Ne7 6. 0-0 0-0 7. Be3 c5 8. c3 Qc7 9. Qd2 cxd4 10. Nxd4 a6 11. Bh6 Nbc6 12. Bxg7 Kxg7 13. Rd1 Ne5 14. b3 Rd8 15. c4 N7c6 16. f4 Ng4 17. h3 Nh6 18. Kh2 f6 19. Nc3 Nf7 20. Rac1 Ne7 21. Na4 e5 22. Ne2 Bd7 23. Nac3 Rac8 24. Nd5 Nxd5 25. cxd5 Qb8 26. Rf1 Rxc1 27. Nxc1 Rc8 28. Qf2 Bb5 29. Re1 Rc3 30. Bf1 Bxf1 31. Rxf1 Qc7 32. fxe5 fxe5 33. Ne2 Rc2 34. a4 Qe7 35. Qf3 Ng5 36. Qd3 Qc7 37. g4 Rc5 38. h4 Nf7 39. Qf3 Qe7 40. g5 Rc2 41. Rf2 h6 42. gxh6+ Nxh6 43. Kg3 g5 44. h5 Rc8 45. Qe3 Rf8 46. Rg2 Rf4 47. Kh2 Ng4+ 48. Rxg4 Rxg4 49. Ng3 Kh7 50. Qb6 Qf7 51. Kh3 Qf4 52. Qc7+ 1-0

[Event "Rheinland-ch Seniors 28th"]
[Site "Trier"]
[Date "2005.??.??"]
[Round "1"]
[White "Gast, Manfred"]
[Black "Rueggeberg, Wilhelm"]
[Result "0-1"]
[WhiteElo "1695"]
[BlackElo "2035"]
[PlyCount "117"]
[EventDate "2005.03.??"]
[EventType "tourn"]
[EventRounds "7"]
[EventCountry "GER"]
[SourceTitle "EXT 2009"]
[Source "ChessBase"]
[SourceDate "2008.11.26"]
[SourceVersion "1"]
[SourceVersionDate "2008.11.26"]
[SourceQuality "1"]

1. d4 Nf6 2. c4 e6 3. Nc3 d5 4. Bf4 a6 5. e3 Nbd7 6. Bd3 Be7 7. Nge2 0-0 8. Qc2 dxc4 9. Bxc4 Re8 10. Bd3 Nf8 11. h3 Ng6 12. Bh2 Bd6 13. f4 Nd5 14. Bg1 Nb4 15. Qd2 Nxd3+ 16. Qxd3 b5 17. Bf2 Bb7 18. 0-0 Nh4 19. e4 Be7 20. g3 Ng6 21. Qe3 Rc8 22. Rad1 c6 23. Kh2 Qc7 24. Ng1 c5 25. Nce2 cxd4 26. Nxd4 Bc5 27. Qe2 e5 28. f5 exd4 29. fxg6 hxg6 30. Bxd4 Rxe4 31. Qf2 Bxd4 32. Rxd4 Rxd4 33. Qxd4 Qc4 34. Qxc4 Rxc4 35. Rf2 Be4 36. g4 Rc2 37. Rxc2 Bxc2 38. Ne2 f6 39. Nd4 Be4 40. Kg3 g5 41. h4 gxh4+ 42. Kxh4 Kf7 43. a3 Ke7 44. Kg3 g5 45. Kf2 Kd6 46. b4 Kd5 47. Ke3 Bg6 48. Nb3 Kc4 49. Nc5 a5 50. Na6 axb4 51. axb4 f5 52. gxf5 Bxf5 53. Kf3 Bc8 54. Nc7 Kxb4 55. Nxb5 Kxb5 56. Ke4 Kc4 57. Ke3 Kd5 58. Kd3 g4 59. Ke3 0-1